000 00646nam a2200277Ia 4500
005 20260324144718.0
008 008 260324s9999 xx 000 0 eng d
020 _a9780429307621
037 _aEBOOK
040 _aCRL
040 _beng
040 _cCRL
041 _2eng
041 _aeng
084 _qCRL
100 _aShemuel Meir
_91220331
245 0 _aStrategic Implications Of The New Oil Reality
260 _bTaylor and Francis
260 _c1986
365 _a
365 _b230
856 _uhttp://www.taylorfrancis.com/books/9780429307621
942 _cEBOOK
999 _c1827284
_d1827284